Statistics for Animals Beginning with 'W' - Pictures

Click here to take the quiz!

General Stats

  • This quiz has been taken 51 times
  • The average score is 12 of 22

Answer Stats

Answer % Correct
Whale
100%
Wolf
95%
Worm
95%
Wasp
93%
Walrus
93%
Woodpecker
89%
Warthog
82%
Weasel
64%
Water Buffalo
61%
Wombat
59%
Wolverine
50%
Whelk
48%
Wren
45%
Whippet
45%
Woodlouse
43%
Wildebeest
41%
Weevil
34%
Woodchuck
25%
Whiting
23%
Wrasse
20%
Waterboatman
16%
Widgeon
11%

Score Distribution

Percentile by Number Answered

Percent of People with Each Score

Your Score History

You have not taken this quiz